000 00754nas a2200241 4500
001 BR8001755
003 BR-BrBNA
005 20231205084244.0
007 ta
008 230509b bl.|||p| |||| 00| 00por d
040 _aBR-BrBNA
_bpor
_cBiblioteca Nacional de Agricultura
041 _a(Pt)
072 _aF50; F60
100 1 _aCarneiro, A.M.
245 1 _aAs braquiarias: uma alternativa?
650 _aEstrutura vegetal
650 _aFisiologia vegetal
650 _aCapim brachiaria
650 _aFotossensibilidade
773 0 _tInforme Agropecuario - Empresa de Pesquisa Agropecuaria de Minas Gerais (Brazil)
_xISSN 0100-3364
_g(Nov 1980), v. 6(71) p. 14-18
_wBR8001755
909 _a202311
_bLúcia
_c55
_dLúcia Elande
942 _2AGRIS
_n0
_cANA
999 _c104068
_d104068